| 000 | 01841nam a2200421 a 4500 | ||
|---|---|---|---|
| 003 | CHAP | ||
| 005 | 20250130120102.0 | ||
| 007 | ta | ||
| 008 | 250129s2007 ag o|||gr|||| 001 0 spa d | ||
| 020 | _a978-950-24-1199-6 | ||
| 040 |
_amxchpua _cCHAP _erda |
||
| 041 |
_aspa _bspa _fspa _hger |
||
| 050 | 1 | 0 |
_aTX601 _b.L44 2007 |
| 082 | 0 | 0 |
_220 _a641.852 _bL44 2007 |
| 100 | 1 |
_aLehari, Gabriele _9189994 |
|
| 240 | 1 |
_aKonfitüren & gelees. _lEspañol |
|
| 245 | 1 | 0 |
_aDulces, jaleas y mermeladas / _cGabriele Lehari ; traductora Rosa María Gotta |
| 250 | _a1a edición | ||
| 264 |
_aBuenos Aires, Argentina : _bAlbatros, _c2007 |
||
| 300 |
_a63 páginas : _bfotos |
||
| 336 |
_2rdacontent _atexto _btxt |
||
| 337 |
_2rdamedia _asin medio _bn |
||
| 338 |
_2rdacarrier _avolumen _bnc |
||
| 490 | 1 | _aLos imprescindibles (Albatros) | |
| 505 | 0 | _a1. Pura naturaleza -- 2. Frutas para untar -- 3. Dulces y mermeladas -- 4. Jalea, una sustancia clara. | |
| 520 | 2 | _aExquisitas recetas para dulces, mermeladas y jaleas Repostería y comidas con dulces y jaleas Con explicaciones paso a paso Valiosas sugerencias para obtener exquisitos resultados Gabriele Lehari es autora de numerosos libros especializados sobre el tema.Toda la información para cocineros aficionados y golosos... clara y sencilla actualizada y orientada hacia la práctica con muchas fotografías a todo color | |
| 650 | 1 | 3 |
_aRecetas _2atg _9159867 |
| 650 | 1 | 3 |
_aPreparación de alimentos _2atg _9153466 |
| 650 | 1 | 3 |
_aMermeladas _2atg _9148122 |
| 650 | 1 | 3 |
_aJaleas _2atg _9159875 |
| 650 | 1 | 3 |
_aRecipies _2atg _9162121 |
| 650 | 1 | 3 |
_aFood preparation _2atg _9153465 |
| 650 | 1 | 3 |
_aJams _2atg _9148121 |
| 650 | 1 | 3 |
_aJellies _2atg _9189998 |
| 700 | 1 |
_aGotta, Rosa María _9189999 _etraductora |
|
| 830 | 4 |
_aLos imprescindibles (Albatros) _9190000 |
|
| 942 |
_2ddc _cLIBRO |
||
| 999 |
_c220405 _d220405 |
||